Statistiques concernant 20 villes américaines d'ouest en est

Cliquez ici pour prendre le quiz!

Statistiques générales

  • Ce quiz a été pris 81 fois
  • Le résultat moyen est 19 sur 20

Statistiques - réponses

Hint Answer % Correct
122° 25San Francisco
99%
122° 19Seattle
99%
118° 15Los Angeles
99%
117° 09San Diego
97%
115° 08Las Vegas
97%
112° 04Phoenix
97%
71° 03Boston
96%
104° 59Denver
96%
96° 47Dallas
95%
95° 22Houston
95%
93° 15Minneapolis
95%
87° 39Chicago
95%
86° 09Indianapolis
95%
84° 23Atlanta
95%
83° 02Détroit
95%
75° 09Philadelphie
95%
74°New York
95%
80° 13Miami
94%
77° 02Washington
94%
90° 03New Orleans
94%

Distribution des résultats

Percentile par nombre de réponses

% des personnes avec chaque résultat

Votre développement - résultats

Vous n’avez pas pris ce quiz